000 01748nam a22002537a 4500
999 _c59410
_d59410
003 Ge_BSU
005 20230213123429.0
008 230213s2001 ge ||||| |||| 00| 0 geo d
020 _a9992881836
041 _ageo
080 _a34(035) ი-95
245 _aიურისტის რჩევები :
_b[დამხმ. სახელმძღვ. სამართლ. პრობლემების გადაწყვეტისათვის /
_cავტ. ჯგუფი: ზურაბ მარაქველიძე, ნინო ბაქაქური, დიანა ბერეკაშვილი, ნინო ელიეშვილი და სხვ. ; რედ.: ირაკლი სესიაშვილი, მაია მენაღარიშვილი] ; საქ. ახალგ. იურისტთა ასოციაცია.
264 _aთბილისი,
_c2001.
300 _a276 გვ. ;
_b21 სმ.
653 _aსამართალი -- ცნობარები
653 _aიურიდიული ცნობარები
700 _aმარაქველიძე, ზურაბ
_eავტორი
_916892
700 _aბექაური, ნინო
_eავტორი
_916893
700 _aბერეკაშვილი, ნინო
_eავტორი
_916894
700 _aელიეშვილი, ნინო და სხვ.
_eავტორი
_916895
700 _a სესიაშვილი, ირაკლი
_eრედაქტორი
_916896
710 _aსაქართველოს ახალგ. იურისტთა ასოციაცია
_916897
942 _2udc
_cBK